003540000a2200085000450024501430000004100140014350000450015710000190020277300470022110aPredicción acerca de la diversidad de escarabeidos (Coleoptera: Scarabaeoidea) en la reserva de la biosfera La Michilia, Durango, Mexico0 aEspañol a1 aLobo, Jorge M.1 tBoletin Soc. Ver. Zool.h1q57-63d1993g3